Quiz : Juif ou pas Juif ? - Statistiques

Statistiques générales
  • Ce quiz a été pris 1 093 fois
  • Le résultat moyen est 4 sur 14
Answers on the Grid
Answers color-coded by a green-red scale on the quiz's grid according to % correct below.
Adolf Hitler
Patrick Bruel
Dieudonné
Serge Gainsbourg
"Coluche"
Elie Semoun
Francis Lalanne
Karim Benzema
Martin Luther King
Javier Milei
Jair Bolsonaro
"Diam's"
Jesus Christ
Anne Frank
Leon Trotski
Jeffrey Epstein
"Arthur"
Eric Zemmour
Alain Soral
Nelson Mandela
Yaël Braun Pivet
Winston Churchill
Alain Shabat
Simone Weil
Joseph Stalline
Manuel Valls
George Floyd
Alain Finkielkraut
Ursula von der Leyen
Cyril Hanouna
Lenny Kravitz
Harrison Ford
 
Statistiques - réponses
Réponse % Correct
Patrick Bruel
73%
Elie Semoun
52%
Anne Frank
44%
Eric Zemmour
34%
Jesus Christ
34%
Cyril Hanouna
30%
Jeffrey Epstein
28%
Alain Shabat
21%
"Arthur"
18%
Yaël Braun Pivet
18%
Alain Finkielkraut
14%
Javier Milei
9%
Lenny Kravitz
8%
Harrison Ford
5%
Aucun quiz correspondant
Distribution des résultats
% des personnes avec chaque résultat
Percentile par nombre de réponses
Votre historique - résultats
Vous n’avez pas pris ce quiz